<?xml version="1.0" encoding="UTF-8"?>
<collection xmlns="http://www.loc.gov/MARC21/slim">
<record>
  <controlfield tag="001">118419</controlfield>
  <controlfield tag="005">20220916124050.0</controlfield>
  <datafield tag="037" ind1=" " ind2=" ">
    <subfield code="a">TAZ-TFG-2022-2238</subfield>
  </datafield>
  <datafield tag="041" ind1=" " ind2=" ">
    <subfield code="a">spa</subfield>
  </datafield>
  <datafield tag="100" ind1="1" ind2=" ">
    <subfield code="a">Ibáñez Sánchez, Lucía</subfield>
  </datafield>
  <datafield tag="242" ind1="0" ind2="0">
    <subfield code="a">Is teaching without "death", the absolute death of teaching?: qualitative study on the development of the concept of "death" since from the “album book” in Early Childhood Education.</subfield>
  </datafield>
  <datafield tag="245" ind1="0" ind2="0">
    <subfield code="a">¿Es una enseñanza sin “muerte”, la muerte absoluta de la enseñanza?: una investigación cualitativa sobre la elaboración del concepto “muerte” tratada desde el libro álbum en Educación Infantil.</subfield>
  </datafield>
  <datafield tag="260" ind1=" " ind2=" ">
    <subfield code="a">Zaragoza</subfield>
    <subfield code="b">Universidad de Zaragoza</subfield>
    <subfield code="c">2022</subfield>
  </datafield>
  <datafield tag="506" ind1=" " ind2=" ">
    <subfield code="a">by-nc-sa</subfield>
    <subfield code="b">Creative Commons</subfield>
    <subfield code="c">3.0</subfield>
    <subfield code="u">http://creativecommons.org/licenses/by-nc-sa/3.0/</subfield>
  </datafield>
  <datafield tag="520" ind1=" " ind2=" ">
    <subfield code="a">En este Trabajo de Fin de Grado, se presenta una revisión de tipo teórica sobre el fenómeno de la “muerte” y una investigación cualitativa realizada en 3º de Educación Infantil. Esta, se desarrolla utilizando el enfoque Dime (Chambers, 2007) y realizando la lectura de libros álbum referentes al tema. Se parte de la hipótesis de que la muerte es un tema tabú en el ámbito educativo y que la lectura sobre ello es escasa. &lt;br />Se desarrolla la intervención siguiendo los principios de la “Pedagogía de la Muerte” (Herrán &amp; Cortina, 2006; De la Herrán et al, 2000) y se plantean los libros álbum como adecuados para el tratamiento de este tema.  La investigación, pretende conocer cuál es el nivel de conceptualización de los niños/as sobre el fenómeno de la muerte y si la misma está vinculada con el miedo desde la infancia. Además, trata de reafirmar o descartar la hipótesis propuesta.  &lt;br />De este modo, se investiga cómo poder intervenir en el aula, incluyendo la muerte en los programas educativos y pretendiendo que el alumnado de cualquier edad pueda incorporarla a su vida como suceso natural y no como algo a lo que temer. &lt;br />&lt;br /></subfield>
  </datafield>
  <datafield tag="521" ind1=" " ind2=" ">
    <subfield code="a">Graduado en Magisterio en Educación Infantil</subfield>
  </datafield>
  <datafield tag="540" ind1=" " ind2=" ">
    <subfield code="a">Derechos regulados por licencia Creative Commons</subfield>
  </datafield>
  <datafield tag="700" ind1=" " ind2=" ">
    <subfield code="a">Dueñas Lorente, José Domingo</subfield>
    <subfield code="e">dir.</subfield>
  </datafield>
  <datafield tag="710" ind1="2" ind2=" ">
    <subfield code="a">Universidad de Zaragoza</subfield>
    <subfield code="b"> </subfield>
    <subfield code="c"></subfield>
  </datafield>
  <datafield tag="856" ind1="0" ind2=" ">
    <subfield code="f">781056@unizar.es</subfield>
  </datafield>
  <datafield tag="856" ind1="4" ind2=" ">
    <subfield code="s">3410136</subfield>
    <subfield code="u">http://zaguan.unizar.es/record/118419/files/TAZ-TFG-2022-2238.pdf</subfield>
    <subfield code="y">Memoria (spa)</subfield>
  </datafield>
  <datafield tag="909" ind1="C" ind2="O">
    <subfield code="o">oai:zaguan.unizar.es:118419</subfield>
    <subfield code="p">driver</subfield>
    <subfield code="p">trabajos-fin-grado</subfield>
  </datafield>
  <datafield tag="950" ind1=" " ind2=" ">
    <subfield code="a"></subfield>
  </datafield>
  <datafield tag="980" ind1=" " ind2=" ">
    <subfield code="a">TAZ</subfield>
    <subfield code="b">TFG</subfield>
    <subfield code="c">FCHE</subfield>
  </datafield>
  <datafield tag="999" ind1=" " ind2=" ">
    <subfield code="a">20220622130934.CREATION_DATE</subfield>
  </datafield>
  <datafield tag="951" ind1=" " ind2=" ">
    <subfield code="a">deposita:2022-09-16</subfield>
  </datafield>
</record>
</collection>